[Event "4NCL Online Division 3"]
[Site "online"]
[Date "2020.09.22"]
[Round "3.114"]
[White "Bromilow, Edward T"]
[Black "Turner, Howard"]
[Result "0-1"]
[WhiteElo "1870"]
[BlackElo "1930"]
[PlyCount "48"]
[EventDate "2020.09.22"]
[WhiteTeam "Ashfield Anonymous B"]
[BlackTeam "Catford Cosmonauts 2"]

1. e4 Nc6 2. d4 e5 3. Nf3 exd4 4. Nxd4 Nf6 5. Nc3 Nxe4 6. Nxe4 Qe7 7. f3 d5 8.
Nxc6 bxc6 9. Qe2 dxe4 10. Qxe4 Bf5 11. Qxe7+ Bxe7 12. c3 Rb8 13. Bc4 Bc5 14. b4
Bb6 15. Bg5 h6 16. Bd2 Bc2 17. Bb3 Bg6 18. O-O-O O-O 19. Bf4 a5 20. a3 axb4 21.
cxb4 c5 22. b5 Ra8 23. Kb2 Ra5 24. Ba4 Rxa4 0-1

[Event "4NCL Online Division 3"]
[Site "online"]
[Date "2020.09.22"]
[Round "3.121"]
[White "Koroglou, Viktor"]
[Black "Dinter, Brian"]
[Result "0-1"]
[WhiteElo "2028"]
[BlackElo "2074"]
[PlyCount "38"]
[EventDate "2020.09.22"]
[WhiteTeam "Alba Bon Accord 2"]
[BlackTeam "Stroud Youngies"]

1. e4 c6 2. d4 d5 3. e5 g6 4. Nd2 Bg7 5. Ngf3 Nh6 6. c4 O-O 7. cxd5 cxd5 8. h3
f6 9. exf6 Bxf6 10. Nc4 Nf5 11. Nce5 Qb6 12. Bf4 Nc6 13. Nxc6 bxc6 14. Be5 Qxb2
15. Bd3 Nxd4 16. Bxf6 Nxf3+ 17. gxf3 Qxf6 18. Rc1 Bxh3 19. Qe2 Bg2 0-1

[Event "4NCL Online Division 3"]
[Site "online"]
[Date "2020.09.22"]
[Round "3.122"]
[White "Dicks, Duncan"]
[Black "Deary, Daniel"]
[Result "1-0"]
[WhiteElo "2125"]
[BlackElo "1833"]
[PlyCount "61"]
[EventDate "2020.09.22"]
[WhiteTeam "Stroud Youngies"]
[BlackTeam "Alba Bon Accord 2"]

1. e4 e5 2. Nf3 Nc6 3. d4 exd4 4. Nxd4 Nf6 5. Nxc6 bxc6 6. e5 Qe7 7. Qe2 Nd5 8.
c4 Ba6 9. Nd2 g6 10. g3 Bg7 11. Nf3 d6 12. Bg5 Qe6 13. Nd4 Qxe5 14. Qxe5+ Bxe5
15. O-O-O Nb4 16. a3 c5 17. Nb5 Bb7 18. Rg1 Na6 19. f4 Bg7 20. Re1+ Kf8 21. f5
Be5 22. Bh6+ Kg8 23. Bh3 f6 24. Rxe5 fxe5 25. Rf1 Re8 26. Nc3 Kf7 27. Nd5 Rhg8
28. fxg6+ Kxg6 29. Rf6+ Kh5 30. Be3 Rg6 31. Rf5+ 1-0

[Event "4NCL Online Division 3"]
[Site "online"]
[Date "2020.09.22"]
[Round "3.123"]
[White "Brennan, J Ross"]
[Black "Southcott-Moyers, Indy"]
[Result "1/2-1/2"]
[WhiteElo "1634"]
[BlackElo "1667"]
[PlyCount "142"]
[EventDate "2020.09.22"]
[WhiteTeam "Alba Bon Accord 2"]
[BlackTeam "Stroud Youngies"]

1. d4 Nf6 2. Bg5 e6 3. Nf3 c5 4. Bxf6 Qxf6 5. c3 d5 6. dxc5 Bxc5 7. e3 Qe7 8.
Nbd2 Bd7 9. Be2 Bc6 10. O-O O-O 11. Re1 Nd7 12. b4 Bxb4 13. cxb4 Qxb4 14. Qb3
Qe7 15. Rac1 Rac8 16. Qb2 f6 17. Nd4 Nb6 18. Nxc6 bxc6 19. Nb3 Na4 20. Qc2 Nb6
21. Qc5 Qd7 22. Rc2 Rc7 23. Rec1 Rfc8 24. Qa5 c5 25. Qd2 c4 26. Nd4 e5 27. Nf3
Na4 28. Rd1 Rc5 29. Qb4 Nb6 30. Nd2 Qc6 31. h3 Rc7 32. Bf3 e4 33. Be2 a5 34.
Qb1 Rb5 35. Qc1 Rc5 36. Nf1 g6 37. Ng3 Kg7 38. Bf1 Na4 39. Ne2 c3 40. Nd4 Qd7
41. Nb3 Nb2 42. Rd4 R5c6 43. Bb5 Nd3 44. Qf1 Ra7 45. Bxc6 Qxc6 46. Rxd3 exd3
47. Qxd3 Rc7 48. Nd4 Qb6 49. Rxc3 Rxc3 50. Qxc3 Qb1+ 51. Kh2 Qxa2 52. Kg3 g5
53. Qb3 Qa1 54. Qxd5 a4 55. Qb7+ Kg6 56. Qb4 a3 57. Nc2 Qb2 58. Qxa3 Qxc2 59.
Qd6 Qb3 60. Qd4 Qb8+ 61. f4 gxf4+ 62. Qxf4 Qb1 63. Qg4+ Kf7 64. h4 Qe1+ 65. Kf4
Qf1+ 66. Qf3 Qc4+ 67. Kg3 Qc7+ 68. Kh3 Qc2 69. g4 Kg7 70. Qf5 Qe2 71. Qf4 Qe1
1/2-1/2

[Event "4NCL Online Division 3"]
[Site "online"]
[Date "2020.09.22"]
[Round "3.124"]
[White "Carey, Alex"]
[Black "McLeod, Alisdair"]
[Result "1/2-1/2"]
[WhiteElo "1630"]
[BlackElo "1531"]
[PlyCount "57"]
[EventDate "2020.09.22"]
[WhiteTeam "Stroud Youngies"]
[BlackTeam "Alba Bon Accord 2"]

1. e4 d5 2. exd5 Nf6 3. c4 e6 4. dxe6 Bxe6 5. d4 Bb4+ 6. Bd2 Bxd2+ 7. Qxd2 Qe7
8. Qe2 Nc6 9. Nf3 O-O-O 10. d5 Qb4+ 11. Qd2 Rhe8 12. Be2 Bf5 13. Nc3 Qxc4 14.
O-O Qc5 15. Qf4 Ne7 16. Rac1 Qd6 17. Qxd6 cxd6 18. Ne4+ Kb8 19. Nxf6 gxf6 20.
Nd4 Be4 21. Rfd1 Nxd5 22. Bc4 Nf4 23. g3 Ne6 24. Nb5 Ng5 25. Nxd6 Nf3+ 26. Kh1
Ng5+ 27. Kg1 Nf3+ 28. Kh1 Ng5+ 29. Kg1 1/2-1/2

[Event "4NCL Online Division 3"]
[Site "online"]
[Date "2020.09.22"]
[Round "3.131"]
[White "Williams, Michael D"]
[Black "Brown, Alan M"]
[Result "1/2-1/2"]
[WhiteElo "1787"]
[BlackElo "2008"]
[PlyCount "73"]
[EventDate "2020.09.22"]
[WhiteTeam "Wimbledon 2"]
[BlackTeam "MK Phoenix 2"]

1. d4 Nf6 2. c4 e6 3. Nc3 Bb4 4. Bd2 O-O 5. Nf3 d5 6. c5 Nbd7 7. a3 Bxc3 8.
Bxc3 Ne4 9. Bd2 Nxd2 10. Qxd2 Qe7 11. b4 c6 12. e3 e5 13. dxe5 Nxe5 14. Nxe5
Qxe5 15. Qd4 Qxd4 16. exd4 Bf5 17. Kd2 Rfe8 18. f3 Re7 19. Be2 Rae8 20. Rhe1
Kf8 21. Bf1 Rxe1 22. Rxe1 Rxe1 23. Kxe1 Ke7 24. Kd2 h6 25. Bd3 Kf6 26. Bxf5
Kxf5 27. Ke3 h5 28. h3 g5 29. g4+ Kg6 30. Kf2 f5 31. Ke3 fxg4 32. fxg4 hxg4 33.
hxg4 Kf6 34. Kd3 Ke6 35. Kc3 Kd7 36. a4 a6 37. a5 1/2-1/2

[Event "4NCL Online Division 3"]
[Site "online"]
[Date "2020.09.22"]
[Round "3.132"]
[White "Elwin, Adrian G"]
[Black "Blackburn, Andrew J"]
[Result "1-0"]
[WhiteElo "1982"]
[BlackElo "1645"]
[PlyCount "103"]
[EventDate "2020.09.22"]
[WhiteTeam "MK Phoenix 2"]
[BlackTeam "Wimbledon 2"]

1. d4 d5 2. c4 e6 3. Nc3 c5 4. e3 Nf6 5. Nf3 Nc6 6. Be2 Be7 7. O-O O-O 8. a3 b6
9. cxd5 exd5 10. Qa4 Qc7 11. Rd1 c4 12. Qc2 Na5 13. e4 dxe4 14. Nxe4 Bb7 15.
Nxf6+ Bxf6 16. b4 Nb3 17. Rb1 Nxc1 18. Rbxc1 b5 19. Qf5 Rfe8 20. Bd3 Qd6 21.
Qxh7+ Kf8 22. Qh8+ Ke7 23. Re1+ Kd7 24. Bf5+ Re6 25. Qh3 Rae8 26. Ne5+ Kc7 27.
Bxe6 fxe6 28. Nf3 Kb6 29. Qh5 Rc8 30. Qc5+ Qxc5 31. dxc5+ Ka6 32. Rxe6+ Rc6 33.
Rxc6+ Bxc6 34. Rd1 Kb7 35. Kf1 Kc7 36. Ke2 c3 37. Rc1 Be4 38. Ne1 Kc6 39. f3
Bf5 40. g4 Bg6 41. h4 Kd5 42. g5 Be5 43. f4 Bd4 44. Nf3 Bh5 45. Rd1 Bxf3+ 46.
Kxf3 Kc4 47. Ke4 Bf2 48. c6 Bb6 49. Rc1 Kb3 50. Kd3 Kxa3 51. Rxc3+ Kxb4 52. c7
1-0

[Event "4NCL Online Division 3"]
[Site "online"]
[Date "2020.09.22"]
[Round "3.133"]
[White "Brett, Alex I"]
[Black "Williamson, Kevin J"]
[Result "1/2-1/2"]
[WhiteElo "1540"]
[BlackElo "1859"]
[PlyCount "91"]
[EventDate "2020.09.22"]
[WhiteTeam "Wimbledon 2"]
[BlackTeam "MK Phoenix 2"]

1. d4 d6 2. e4 e5 3. dxe5 dxe5 4. Qxd8+ Kxd8 5. Nc3 c6 6. Bc4 f6 7. Be3 Nd7 8.
O-O-O Kc7 9. f3 Nb6 10. Bb3 Bd7 11. Nge2 Rd8 12. Rd2 Bc8 13. Rhd1 Rxd2 14. Rxd2
Bb4 15. a3 Be7 16. Ng3 h5 17. h3 g6 18. Nge2 Bd6 19. Na4 Nxa4 20. Bxa4 b6 21.
c4 c5 22. Nc3 Bf8 23. Nb5+ Kb7 24. Nd6+ Bxd6 25. Rxd6 Kc7 26. Rd2 Ne7 27. b4
cxb4 28. axb4 Nc6 29. Bxc6 Kxc6 30. b5+ Kc7 31. Ra2 Kb8 32. c5 bxc5 33. Bxc5
Rh7 34. b6 axb6 35. Bxb6 Rb7 36. Rb2 f5 37. exf5 gxf5 38. g3 Be6 39. Bc5 Kc8
40. Rxb7 Kxb7 41. Bd6 e4 42. fxe4 fxe4 43. h4 Kc6 44. Bf4 Kd5 45. Kd2 Bg4 46.
Ke3 1/2-1/2

[Event "4NCL Online Division 3"]
[Site "online"]
[Date "2020.09.22"]
[Round "3.134"]
[White "Valentine, Brian J"]
[Black "Sood, Kamaljit"]
[Result "1-0"]
[WhiteElo "1926"]
[BlackElo "1165"]
[PlyCount "39"]
[EventDate "2020.09.22"]
[WhiteTeam "MK Phoenix 2"]
[BlackTeam "Wimbledon 2"]

1. e4 c5 2. Nf3 Nc6 3. Bb5 d6 4. O-O g6 5. c3 Bg7 6. d4 cxd4 7. cxd4 Bd7 8. Nc3
e5 9. d5 Nd4 10. Bxd7+ Qxd7 11. Nxd4 exd4 12. Ne2 Qg4 13. Nxd4 Qxe4 14. Re1
Qxe1+ 15. Qxe1+ Ne7 16. Bg5 O-O 17. Rd1 Nxd5 18. Nb5 Rae8 19. Qd2 Re5 20. f4
1-0

[Event "4NCL Online Division 3"]
[Site "online"]
[Date "2020.09.22"]
[Round "3.141"]
[White "Head, Louise"]
[Black "Broom, Mark"]
[Result "1-0"]
[WhiteElo "2090"]
[BlackElo "2117"]
[PlyCount "87"]
[EventDate "2020.09.22"]
[WhiteTeam "Celtic Tigers"]
[BlackTeam "Horsham 1"]

1. d4 d5 2. c4 c6 3. Nf3 Nf6 4. Nc3 a6 5. e3 b5 6. b3 Bg4 7. Bd3 b4 8. Nb1 e6
9. Nbd2 c5 10. dxc5 Bxc5 11. Bb2 Nc6 12. cxd5 Qxd5 13. Qc2 Rc8 14. Rc1 Nb8 15.
Be5 Bxf3 16. Nxf3 O-O 17. Bxb8 Rxb8 18. O-O Be7 19. Bxa6 Ra8 20. Bd3 Ra3 21.
Nd4 Rfa8 22. Ra1 Qc5 23. Qe2 Nd5 24. Nb5 Nc3 25. Nxc3 Qxc3 26. Rac1 Rxa2 27.
Rxc3 Rxe2 28. Rc7 Rd2 29. Be4 Re8 30. Bc6 Bd8 31. Rb7 Rf8 32. Rxb4 g6 33. Rb7
Rd6 34. Bf3 Rb6 35. Rxb6 Bxb6 36. Rc1 Rb8 37. b4 Kf8 38. b5 Ke7 39. Kf1 Kd7 40.
Bc6+ Ke7 41. Ke2 h5 42. f4 Rd8 43. Be4 Kd6 44. Rc6+ 1-0

[Event "4NCL Online Division 3"]
[Site "online"]
[Date "2020.09.22"]
[Round "3.142"]
[White "Roberts, David N"]
[Black "Maciol, Ryszard"]
[Result "0-1"]
[WhiteElo "1982"]
[BlackElo "2147"]
[PlyCount "124"]
[EventDate "2020.09.22"]
[WhiteTeam "Horsham 1"]
[BlackTeam "Celtic Tigers"]

1. Nf3 Nf6 2. c4 c6 3. Nc3 d5 4. e3 Bg4 5. h3 Bxf3 6. Qxf3 e6 7. d4 Bb4 8. Bd2
O-O 9. Bd3 Nbd7 10. O-O e5 11. cxd5 cxd5 12. Qe2 e4 13. Bc2 Qe7 14. a3 Bd6 15.
Nb5 Rfc8 16. Rac1 Nb6 17. Nxd6 Qxd6 18. Bb4 Qe6 19. b3 Rc6 20. Bb1 Rac8 21.
Rxc6 Rxc6 22. Qd2 Nfd7 23. Rc1 Nc8 24. Rxc6 Qxc6 25. Qc2 Qxc2 26. Bxc2 f5 27.
f3 Kf7 28. Kf2 Ke6 29. g4 g6 30. fxe4 fxe4 31. Bd1 Nd6 32. Bxd6 Kxd6 33. g5 Nb8
34. Ke1 Nc6 35. Kd2 Ne7 36. Be2 Ng8 37. Bg4 h5 38. gxh6 Nxh6 39. Ke2 Ke7 40.
Bc8 b6 41. Kf2 Nf7 42. Kg3 Nd6 43. Ba6 Kf6 44. a4 Kg5 45. Bb5 Nf5+ 46. Kf2 Kh4
47. Bc6 Ne7 48. Bd7 Ng8 49. Be6 Nf6 50. Bc8 Ne8 51. Bd7 Nc7 52. Bc8 b5 53. axb5
Nxb5 54. Bd7 a6 55. Bxb5 axb5 56. Kg2 b4 57. Kh2 g5 58. Kg2 g4 59. hxg4 Kxg4
60. Kf2 Kh3 61. Kf1 Kg3 62. Ke2 Kg2 0-1

[Event "4NCL Online Division 3"]
[Site "online"]
[Date "2020.09.22"]
[Round "3.143"]
[White "Brixel, Christof"]
[Black "Taylor, Alex B"]
[Result "0-1"]
[WhiteElo "2087"]
[BlackElo "1922"]
[PlyCount "94"]
[EventDate "2020.09.22"]
[WhiteTeam "Celtic Tigers"]
[BlackTeam "Horsham 1"]

1. d4 Nf6 2. Bf4 g6 3. e3 Bg7 4. c3 d6 5. Bd3 O-O 6. Nd2 Nc6 7. Ngf3 Nd7 8. e4
e5 9. Bg5 Qe8 10. d5 Ne7 11. Bb5 h6 12. Bxe7 Qxe7 13. g4 Nf6 14. h3 a6 15. Bd3
Bd7 16. Qe2 c6 17. dxc6 Bxc6 18. c4 Rad8 19. O-O-O Qc7 20. Kb1 Rb8 21. Rc1 Qa5
22. Rhd1 Rfd8 23. Ne1 b5 24. cxb5 Bxb5 25. Nb3 Bxd3+ 26. Nxd3 Qb6 27. f3 a5 28.
Nd2 d5 29. exd5 Nxd5 30. Nc4 Qd4 31. Nf2 Nc3+ 32. Rxc3 Qc5 33. Ne4 Qb5 34.
Rxd8+ Rxd8 35. Qc2 a4 36. Ncd6 Qf1+ 37. Qc1 Qa6 38. Rc8 Qd3+ 39. Ka1 Rxc8 40.
Nxc8 f5 41. Nd2 Kh7 42. Nb6 a3 43. Nbc4 axb2+ 44. Nxb2 e4 45. fxe4 fxe4 46. Qc4
Qxd2 47. Qxe4 Qxb2# 0-1

[Event "4NCL Online Division 3"]
[Site "online"]
[Date "2020.09.22"]
[Round "3.144"]
[White "Ashby, Nicholas G"]
[Black "Kitchen, Peter J"]
[Result "1-0"]
[WhiteElo "1862"]
[BlackElo "1870"]
[PlyCount "61"]
[EventDate "2020.09.22"]
[WhiteTeam "Horsham 1"]
[BlackTeam "Celtic Tigers"]

1. d4 d5 2. Bf4 Nf6 3. e3 c5 4. Nc3 a6 5. dxc5 Nc6 6. a3 e5 7. Bg5 d4 8. Ne4
Be7 9. Bxf6 gxf6 10. exd4 Qxd4 11. Qxd4 Nxd4 12. O-O-O O-O 13. Ne2 Ne6 14. b4
a5 15. Kb2 axb4 16. axb4 f5 17. N4g3 Nc7 18. Nc3 Be6 19. Nh5 Ra7 20. Be2 Rfa8
21. g4 fxg4 22. Bxg4 Kh8 23. Bxe6 Nxe6 24. Rd7 Bg5 25. h4 Bh6 26. Rxf7 Bd2 27.
Nf6 Bxc3+ 28. Kxc3 Ra3+ 29. Kc4 b5+ 30. Kxb5 Nd4+ 31. Kc4 1-0

[Event "4NCL Online Division 3"]
[Site "online"]
[Date "2020.09.22"]
[Round "3.151"]
[White "Phillips, Owen S"]
[Black "Williams, Stephen M"]
[Result "1-0"]
[WhiteElo "1871"]
[BlackElo "1885"]
[PlyCount "75"]
[EventDate "2020.09.22"]
[WhiteTeam "Streatham B"]
[BlackTeam "Downend 2"]

1. Nf3 d5 2. b3 c5 3. e4 d4 4. d3 Nc6 5. g3 Bg4 6. Be2 h5 7. h3 Bd7 8. Bf1 e5
9. Bg2 Be7 10. a3 f5 11. exf5 Bxf5 12. Qe2 Qc7 13. Nbd2 Nf6 14. Ng5 Rd8 15. Bf3
g6 16. Nde4 Nd5 17. Bd2 b5 18. g4 hxg4 19. hxg4 Rxh1+ 20. Bxh1 Nc3 21. Bxc3
dxc3 22. gxf5 Nd4 23. Ne6 Nxe2 24. Nxc7+ Kd7 25. Kxe2 Kxc7 26. f6 Bf8 27. Nxc3
a6 28. Rg1 c4 29. b4 Rd4 30. Rxg6 Rh4 31. Bf3 cxd3+ 32. cxd3 Rh2 33. Rg7+ Kd6
34. Rg8 Bh6 35. Nd5 Ke6 36. Re8+ Kf7 37. Rxe5 Bc1 38. Bh5+ 1-0

[Event "4NCL Online Division 3"]
[Site "online"]
[Date "2020.09.22"]
[Round "3.152"]
[White "Tipper, David I"]
[Black "Hylands, Liam M"]
[Result "0-1"]
[WhiteElo "1780"]
[BlackElo "1883"]
[PlyCount "78"]
[EventDate "2020.09.22"]
[WhiteTeam "Downend 2"]
[BlackTeam "Streatham B"]

1. e4 c5 2. Nf3 e6 3. d4 cxd4 4. Nxd4 Nf6 5. Nc3 d6 6. g4 h6 7. h4 Nc6 8. Rg1
h5 9. gxh5 Nxh5 10. Bg5 Nf6 11. Qd2 Qb6 12. Nb3 a6 13. O-O-O Bd7 14. Be2 Rc8
15. Kb1 Ne5 16. f4 Nc4 17. Bxc4 Rxc4 18. e5 Ne4 19. Nxe4 Rxe4 20. Rge1 Rxe1 21.
Rxe1 d5 22. f5 exf5 23. Qxd5 Be6 24. Qd3 Be7 25. Be3 Qc7 26. Rg1 Qxe5 27. Bd4
Qe4 28. Qg3 Bxb3 29. Bxg7 Bxc2+ 30. Ka1 Rxh4 31. Re1 Rh1 32. Rg1 Bd6 33. Qf2
Rxg1+ 34. Qxg1 Bc5 35. Qc1 Be3 36. Qe1 Qd3 37. Bc3 f4 38. a3 Qd1+ 39. Qxd1 Bxd1
0-1

[Event "4NCL Online Division 3"]
[Site "online"]
[Date "2020.09.22"]
[Round "3.153"]
[White "Ponting, Andrew"]
[Black "Pickup, Ian R"]
[Result "0-1"]
[WhiteElo "1870"]
[BlackElo "1810"]
[PlyCount "94"]
[EventDate "2020.09.22"]
[WhiteTeam "Streatham B"]
[BlackTeam "Downend 2"]

1. d4 Nf6 2. c4 g6 3. Nc3 d5 4. Nf3 Bg7 5. Qb3 dxc4 6. Qxc4 O-O 7. e4 c6 8. Be2
b5 9. Qd3 b4 10. Na4 Ba6 11. Qc2 Bxe2 12. Qxe2 Qa5 13. Nc5 Nbd7 14. e5 Nxc5 15.
exf6 exf6 16. dxc5 Rfe8 17. Be3 f5 18. g3 b3+ 19. Kf1 bxa2 20. Qc4 Re4 21. Qxa2
Qb5+ 22. Kg2 Rxe3 23. Rhe1 Rxe1 24. Rxe1 Qxc5 25. Rd1 Qe7 26. Qc4 Qe4 27. Qxe4
fxe4 28. Ng5 Bxb2 29. Nxe4 a5 30. Rd2 Be5 31. f4 Bg7 32. Ra2 a4 33. Nc5 a3 34.
Kf3 Bb2 35. Nd3 Rb8 36. Ke3 Rb3 37. Kd2 Rxd3+ 38. Kxd3 Kf8 39. Kc4 Ke7 40. Kc5
Kd7 41. g4 f6 42. h4 Kc7 43. Kc4 Kd6 44. g5 fxg5 45. hxg5 c5 46. Kd3 Kd5 47.
Ke3 c4 0-1

[Event "4NCL Online Division 3"]
[Site "online"]
[Date "2020.09.22"]
[Round "3.154"]
[White "Benkhoucha, Samy"]
[Black "Chung, Michael"]
[Result "1-0"]
[WhiteElo "1615"]
[BlackElo "1630"]
[PlyCount "107"]
[EventDate "2020.09.22"]
[WhiteTeam "Downend 2"]
[BlackTeam "Streatham B"]

1. e4 e5 2. Nf3 Nc6 3. Bc4 Bc5 4. d3 Nf6 5. c3 d6 6. a4 a6 7. Nbd2 Bg4 8. O-O
O-O 9. Bb3 Ne7 10. h3 Bxf3 11. Qxf3 Ng6 12. Nc4 Rb8 13. Ne3 c6 14. Nf5 d5 15.
Bg5 Be7 16. Nxe7+ Qxe7 17. exd5 Qd6 18. Bxf6 gxf6 19. g3 Kh8 20. Rfd1 Rg8 21.
dxc6 bxc6 22. Bxf7 Rg7 23. Bxg6 Rxg6 24. Rd2 Qe6 25. Kh2 f5 26. d4 f4 27. dxe5
fxg3+ 28. fxg3 Qxe5 29. Qf4 Qe8 30. Rad1 Re6 31. Qxb8 Qxb8 32. Rd8+ Qxd8 33.
Rxd8+ Kg7 34. Rd2 h5 35. Kg2 Kg6 36. Kf2 a5 37. Rd4 c5 38. Rd5 Rc6 39. Ke3 Rb6
40. Rxc5 Rxb2 41. Rxa5 Rh2 42. h4 Rg2 43. Rg5+ Kh6 44. Kd4 Rd2+ 45. Kc5 Rd3 46.
c4 Ra3 47. Kb4 Re3 48. c5 Re8 49. c6 Rc8 50. Kc5 Ra8 51. c7 Rxa4 52. c8=Q Ra5+
53. Kb4 Ra2 54. Qh8# 1-0

[Event "4NCL Online Division 3"]
[Site "online"]
[Date "2020.09.22"]
[Round "3.161"]
[White "Tomlinson, Zak"]
[Black "Smith, Olivia"]
[Result "0-1"]
[WhiteElo "1772"]
[BlackElo "2170"]
[PlyCount "84"]
[EventDate "2020.09.22"]
[WhiteTeam "Chessmates"]
[BlackTeam "Fischer's Catch"]

1. e4 d5 2. exd5 Qxd5 3. Nc3 Qd6 4. Nf3 Nf6 5. d4 a6 6. h3 Nc6 7. Be3 e5 8.
dxe5 Nxe5 9. Be2 Bf5 10. Qxd6 Bxd6 11. Nd4 Bd7 12. O-O O-O 13. a3 c5 14. Nf3
Bf5 15. Rac1 b6 16. Rfd1 Rfd8 17. Nxe5 Bxe5 18. Rxd8+ Rxd8 19. Bxa6 Bxc3 20.
bxc3 Ra8 21. Bd3 Bxd3 22. cxd3 Rxa3 23. d4 Nd5 24. dxc5 Nxe3 25. fxe3 bxc5 26.
c4 Rxe3 27. Rd1 f6 28. Rd5 Re5 29. Rxe5 fxe5 30. Kf2 Kf7 31. Ke3 h5 32. g3 Kf6
33. Ke4 Ke6 34. g4 hxg4 35. hxg4 Kf6 36. Kd5 Kg5 37. Kxc5 e4 38. Kd4 Kf4 39. c5
e3 40. c6 e2 41. c7 e1=Q 42. c8=N Qd1+ 0-1

[Event "4NCL Online Division 3"]
[Site "online"]
[Date "2020.09.22"]
[Round "3.162"]
[White "Sivarajasingam, Shayanna"]
[Black "Catt, Peter"]
[Result "1-0"]
[WhiteElo "1952"]
[BlackElo "1787"]
[PlyCount "103"]
[EventDate "2020.09.22"]
[WhiteTeam "Fischer's Catch"]
[BlackTeam "Chessmates"]

1. e4 c5 2. Nf3 e6 3. c4 Nc6 4. Nc3 Nf6 5. Be2 e5 6. d3 d6 7. O-O g6 8. Be3 Bg7
9. h3 O-O 10. Qd2 Be6 11. b3 b6 12. Rfe1 a5 13. Rac1 Rb8 14. Bg5 Qd7 15. Be3
Qd8 16. Nd5 Bxd5 17. cxd5 Ne7 18. a4 Ne8 19. Qc2 h6 20. Nd2 g5 21. Nc4 f5 22.
Bd2 f4 23. Bg4 Nf6 24. Be6+ Kh8 25. Bc3 Ne8 26. Bg4 Nf6 27. Qd1 Neg8 28. Be6 h5
29. Rc2 Kh7 30. g3 Kh6 31. Kh1 Ne8 32. Rg1 Nc7 33. gxf4 Rxf4 34. Bxg8 Qxg8 35.
Bd2 Qf8 36. Bxf4 exf4 37. Qf3 Bd4 38. Qg2 Qf6 39. Nxd6 Be5 40. Nf5+ Kg6 41. d4
Bxd4 42. Nxd4 Qxd4 43. Qxg5+ Kf7 44. Qxf4+ Qf6 45. Qxc7+ Qe7 46. Qxb8 Qxe4+ 47.
Kh2 Qxc2 48. Qf4+ Ke7 49. Re1+ Kd7 50. Qf7+ Kd6 51. Re6+ Kxd5 52. Qd7# 1-0

[Event "4NCL Online Division 3"]
[Site "online"]
[Date "2020.09.22"]
[Round "3.163"]
[White "Fisher, Neal"]
[Black "Fraser, Susanna"]
[Result "1-0"]
[WhiteElo "1750"]
[BlackElo "1810"]
[PlyCount "89"]
[EventDate "2020.09.22"]
[WhiteTeam "Chessmates"]
[BlackTeam "Fischer's Catch"]

1. e4 e5 2. Bc4 Nf6 3. Nf3 Nc6 4. O-O Bc5 5. Nc3 O-O 6. d3 h6 7. a4 a6 8. Bb3
d6 9. Ne2 Bg4 10. h3 Bxf3 11. gxf3 Nh5 12. Kh2 Qh4 13. Ng3 Nf4 14. Bxf4 exf4
15. Nf5 Qf6 16. c3 Kh7 17. d4 Bb6 18. d5 Na5 19. Bc2 Rad8 20. Qd3 c5 21. dxc6
Nxc6 22. b4 g6 23. Nd4 Bxd4 24. cxd4 Nxb4 25. Qd2 Nxc2 26. Qxc2 Qxd4 27. Rfd1
Qf6 28. Rab1 Rd7 29. Rd5 Rfd8 30. a5 Qe7 31. Rb6 Kg7 32. Qd2 g5 33. Qd4+ f6 34.
Kg2 Kf7 35. Rf5 Qe6 36. Qc3 Ke7 37. Kh2 Rf8 38. Kg2 Qg8 39. Qb4 Rb8 40. e5 fxe5
41. Rxe5+ Kf7 42. Rxd6 Rdd8 43. Rxh6 Re8 44. Rf5+ Kg7 45. Qd6 1-0

[Event "4NCL Online Division 3"]
[Site "online"]
[Date "2020.09.22"]
[Round "3.164"]
[White "Jaberansari, Daniel"]
[Black "Duffell, Andrew"]
[Result "1-0"]
[WhiteElo "1652"]
[BlackElo "1622"]
[PlyCount "95"]
[EventDate "2020.09.22"]
[WhiteTeam "Fischer's Catch"]
[BlackTeam "Chessmates"]

1. e4 c6 2. Bc4 d5 3. Bb3 dxe4 4. Qh5 e6 5. Nc3 Nf6 6. Qh4 Nbd7 7. Nxe4 Nxe4 8.
Qxe4 Nf6 9. Qe2 Bd6 10. Nf3 a5 11. c3 b5 12. d4 Qc7 13. Bg5 h6 14. Bxf6 gxf6
15. O-O-O Ba6 16. Rhe1 b4 17. c4 O-O-O 18. Kb1 Rhg8 19. g3 Rde8 20. Qd2 h5 21.
Qc2 c5 22. Qe4 Bb7 23. Qd3 Rd8 24. d5 f5 25. Nh4 f4 26. Qe2 fxg3 27. hxg3 exd5
28. cxd5 Rh8 29. Qd3 f6 30. Bc4 a4 31. Ba6 Kb8 32. Qb5 Ka7 33. Bxb7 Qxb7 34.
Qxa4+ Kb6 35. Re6 Rd7 36. Nf5 Ra8 37. Qc6+ Qxc6 38. dxc6 Kxc6 39. Rexd6+ Rxd6
40. Rxd6+ Kb5 41. Rd2 Re8 42. Nd6+ Kc6 43. Nxe8 f5 44. Nf6 f4 45. Nxh5 f3 46.
Rd3 c4 47. Rxf3 c3 48. Rxc3+ 1-0

[Event "4NCL Online Division 3"]
[Site "online"]
[Date "2020.10.06"]
[Round "4.11"]
[White "Waterfield, John W"]
[Black "Skettos, Nicolas"]
[Result "1/2-1/2"]
[WhiteElo "2035"]
[BlackElo "1862"]
[PlyCount "92"]
[EventDate "2020.10.06"]
[WhiteTeam "Abergavenny and Friends"]
[BlackTeam "Phones Pals"]

1. e4 e6 2. d4 d5 3. Nc3 Nf6 4. Bg5 dxe4 5. Nxe4 Be7 6. Bxf6 gxf6 7. Nf3 b6 8.
Bb5+ c6 9. Bd3 Bb7 10. Qe2 Nd7 11. O-O-O Qc7 12. Kb1 Rg8 13. g3 O-O-O 14. Ba6
Kb8 15. Bxb7 Qxb7 16. Rhe1 c5 17. d5 exd5 18. Nc3 d4 19. Qxe7 dxc3 20. Qxf7 Ne5
21. Qxb7+ Kxb7 22. Nxe5 fxe5 23. bxc3 Rxd1+ 24. Rxd1 Kc6 25. c4 Rg4 26. Rd8
Rxc4 27. Rh8 Rb4+ 28. Kc1 Ra4 29. Kb2 Rb4+ 30. Kc3 Ra4 31. Kb3 Rb4+ 32. Kc3 Ra4
33. Rxh7 Rxa2 34. g4 Kd6 35. g5 Ke6 36. h4 Kf5 37. Rf7+ Kg6 38. Kb3 Kxf7 39.
Kxa2 b5 40. Kb3 Kg6 41. c4 b4 42. f3 a5 43. Ka4 Kh5 44. Kb3 Kg6 45. Ka4 Kh5 46.
Kb3 Kg6 1/2-1/2

[Event "4NCL Online Division 3"]
[Site "online"]
[Date "2020.10.06"]
[Round "4.12"]
[White "McIntyre, John W"]
[Black "Wakeham, Marc"]
[Result "0-1"]
[WhiteElo "1912"]
[BlackElo "1900"]
[PlyCount "62"]
[EventDate "2020.10.06"]
[WhiteTeam "Phones Pals"]
[BlackTeam "Abergavenny and Friends"]

1. d4 Nf6 2. Nf3 g6 3. Bf4 Bg7 4. e3 O-O 5. Be2 d6 6. O-O Nh5 7. Bg5 h6 8. Bh4
g5 9. Nfd2 Nf6 10. Bg3 Nc6 11. c4 e5 12. d5 Ne7 13. e4 c6 14. Nc3 Ng6 15. b4
cxd5 16. cxd5 a6 17. a4 Bd7 18. Rc1 Rc8 19. Qb3 h5 20. f3 Bh6 21. Rc2 h4 22.
Bf2 g4 23. Nc4 g3 24. hxg3 hxg3 25. Bxg3 Kg7 26. Nxd6 Qb6+ 27. Bf2 Qxd6 28. Bc5
Rxc5 29. bxc5 Be3+ 30. Kh1 Bxc5 31. Qxb7 Rh8# 0-1

[Event "4NCL Online Division 3"]
[Site "online"]
[Date "2020.10.06"]
[Round "4.13"]
[White "Allford, Zane"]
[Black "Narang, Vishal"]
[Result "1-0"]
[WhiteElo "1693"]
[BlackElo "1477"]
[PlyCount "119"]
[EventDate "2020.10.06"]
[WhiteTeam "Abergavenny and Friends"]
[BlackTeam "Phones Pals"]

1. e4 e5 2. f4 d6 3. Nf3 Bg4 4. Bc4 Nc6 5. h3 Bxf3 6. Qxf3 Nd4 7. Qd3 Qh4+ 8.
g3 Qh5 9. c3 Ne6 10. Bxe6 fxe6 11. Qb5+ Kd8 12. Qxb7 Rc8 13. Qxa7 Qf3 14. Rg1
Qxe4+ 15. Qe3 Qxe3+ 16. dxe3 e4 17. Nd2 d5 18. Nb3 g6 19. Bd2 Ne7 20. Ke2 Nf5
21. c4 c6 22. Bc3 Bg7 23. Bxg7 Nxg7 24. Nd4 Ke7 25. c5 Rc7 26. g4 Kd7 27. b4
Rb8 28. Rgb1 e5 29. fxe5 Ne6 30. a4 Nxd4+ 31. exd4 Rcb7 32. b5 cxb5 33. axb5
Rxb5 34. Rxb5 Rxb5 35. Ra7+ Ke8 36. Rxh7 Rb2+ 37. Ke3 Rb3+ 38. Kf2 Rb2+ 39. Kg3
Rb3+ 40. Kh4 e3 41. Kg3 Rb2 42. Kf3 e2 43. Kf2 Rd2 44. c6 Rxd4 45. c7 Rc4 46.
Kxe2 Re4+ 47. Kd3 Rc4 48. c8=Q+ Rxc8 49. Rh8+ Kd7 50. Rxc8 Kxc8 51. Kd4 Kd7 52.
Kxd5 g5 53. e6+ Ke7 54. Ke5 Ke8 55. Kf6 Kf8 56. Kxg5 Ke7 57. Kf5 Kf8 58. Kf6
Ke8 59. e7 Kd7 60. Kf7 1-0